• 首页
  • 本馆介绍
  • 公告通知
  • 最新文献
  • 馆藏检索
  • 电子资源
  • 读者导购
  • 参考咨询
  • 我的图书馆
  • 登录
  • 详细信息显示
  • 放入我的书架
  • 预约/预借图书
  • 作者相关作品
  • 分类相关作品
  • 丛书相关作品
  • 出版社相关作品

书目信息

  • 表格格式
  • 工作单格式
  • 卡片格式
题名:
女心理师
    
 
作者: 李晓冰 编著
分册:  
出版信息: 北京   北京工业大学出版社  2009
页数: 294页
开本: 24cm
丛书名:
单 册:
中图分类: B844.5
科图分类:
主题词: 女性心理学
电子资源:
ISBN: 978-7-5639-2057-0
000 01044nam0 2200241 45
001 1029979605
005 20100428142704.48
010    @a978-7-5639-2057-0@dCNY33.00
100    @a20100114d2009 ekmy0chiy0121 ea
101 0  @achi
102    @aCN@b110000
105    @ay z 000yy
106    @ar
200 1  @a女心理师@ANu^ Xin Li Shi@e破译女人幸福的情感密码@EPo Yi Nu^ Ren Xing Fu De Qing Gan Mi Ma@f李晓冰编著@FLi Xiao Bing Bian Zhu
210    @a北京@c北京工业大学出版社@d2009
215    @a294页@d24cm
330    @a也许,在现今的社会中,强大的压力、梦想与现实之间巨大的落差,总会让我们心中郁郁而疾。如果不想焦虑寡欢地生活。最好的办法,也许。只有心理自救。不要赶路赶得那么急,留一点时间给自己,休憩一下,环顾四周。冷静地看看自己的生活,理性地剖析自己的心理,这样,才不至于在生活的迷雾中抑郁、恐慌。
517 1  @a破译女人幸福的情感密码@APo Yi Nu^ Ren Xing Fu De Qing Gan Mi Ma
606 0  @a女性心理学
690    @aB844.5@v4
701  0 @a李晓冰@ALi Xiao Bing@4编著
801  0 @aCN@bTANGWEI@c20100428
905    @b0595221-25@dB844.5@e1008@f5
    
    女心理师:破译女人幸福的情感密码/李晓冰编著.-北京:北京工业大学出版社,2009
    294页;24cm
    
    
    ISBN 978-7-5639-2057-0:CNY33.00
    也许,在现今的社会中,强大的压力、梦想与现实之间巨大的落差,总会让我们心中郁郁而疾。如果不想焦虑寡欢地生活。最好的办法,也许。只有心理自救。不要赶路赶得那么急,留一点时间给自己,休憩一下,环顾四周。冷静地看看自己的生活,理性地剖析自己的心理,这样,才不至于在生活的迷雾中抑郁、恐慌。
●
相关链接 在E读中查询图书 在五车中查询图书 在当当中查询图书 在豆瓣中查询图书


正题名:女心理师     索取号:B844.5/1008         预约/预借

序号 登录号 条形码 馆藏地/架位号 状态 备注
1 0595221   205952218   第一样本阅览室/ [索取号:B844.5/1008] 在馆    
2 0595222   205952227   第一借阅区/ [索取号:B844.5/1008] 在馆    
3 0595223   205952236   第一借阅区/ [索取号:B844.5/1008] 在馆    
4 0595224   205952245   第一借阅区/ [索取号:B844.5/1008] 在馆    
5 0595225   205952254   第一借阅区/ [索取号:B844.5/1008] 在馆    
唐山师范学院图书馆 欢迎您!
大连网信软件有限公司© 版权所有